000 00609nam a2200169 i 4500
001 102686
003 ES-MaACL
005 20230906183146.0
007 t|
008 051125s1950 sp ||||1| spa d
245 0 0 _aEncomio de los ingenios sevillanos en la fiesta de los Santos Inacio de Loyola i Francisco Xavier... /
_cpor Iuan Antonio de Ibarra...
260 _aValencia :
_b[s.n.,
_c1950]
300 _a5 h., 83 fol. ;
_c25 cm.
534 _pReproducción facsímil de la ed. de:
_c-- Sevilla : por Francisco de Lyra, 1623.
700 1 _aIbarra, Juan Antonio de.
_964957
852 _aES-MaACL
_jD-6786
999 _c102686
_d102686